Monarchies by Dynasty - Statistics

General Stats
  • This quiz has been taken 45 times
  • The average score is 13 of 23
Answer Stats
Hint Answer % Correct
Windsor United Kingdom
95%
Al Saud Saudi Arabia
81%
Orange-Nassau Netherlands
79%
Kōshitsu Japan
76%
Bourbon Spain
64%
Grimaldi Monaco
60%
Bernadotte Sweden
57%
Hashim Jordan
55%
Al Bu Said Oman
55%
Al Thani Qatar
55%
Al Nahyan United Arab Emirates
55%
Wangchuck Bhutan
52%
Bolkiah Brunei
52%
Norodom Cambodia
52%
Chakri Thailand
50%
Al Khalifa Bahrain
48%
Alawi Morocco
48%
Glücksburg Denmark | Norway
45%
Tupou Tonga
45%
Temenggong Malaysia
38%
Seeiso Lesotho
36%
Dlamini Eswatini
31%
Sabah Kuwait
31%
No matching quizzes found
Score Distribution
Percent of People with Each Score
Percentile by Number Answered
Your Score History
You have not taken this quiz